[Event "Vellmar op 10th"]
[Site "Vellmar"]
[Date "2018.07.15"]
[Round "7"]
[White "Dorst, Johannes"]
[Black "Brockhoff, Moritz"]
[Result "1-0"]
[WhiteElo "2217"]
[BlackElo "1927"]
[PlyCount "55"]
[EventDate "2018.07.12"]
[EventType "swiss"]
[EventRounds "7"]
[EventCountry "GER"]
[SourceTitle "CBM 185 Extra"]
[Source "ChessBase"]
[SourceDate "2018.07.29"]
[SourceVersion "1"]
[SourceVersionDate "2018.07.29"]
[SourceQuality "1"]

1. e4 e6 2. d4 d5 3. Nc3 Nf6 4. e5 Nfd7 5. f4 c5 6. Nf3 Nc6 7. Be3 a6 8. Qd2 b5 9. a3 Qb6 10. Ne2 Bb7 11. c3 Rc8 12. dxc5 Bxc5 13. Ned4 Bxd4 14. Nxd4 Nc5 15. Qc2 Kd7 16. Nb3 d4 17. Nxd4 Nxd4 18. Bxd4 Qc7 19. Bd3 Rhd8 20. 0-0 Ke7 21. f5 Nxd3 22. f6+ gxf6 23. exf6+ Kd7 24. Qxd3 Rg8 25. Rf2 Qc6 26. Be5+ Ke8 27. Bg3 Qe4 28. Qd6 1-0

[Event "Vellmar op 10th"]
[Site "Vellmar"]
[Date "2018.07.15"]
[Round "6"]
[White "Dorst, Johannes"]
[Black "Spiess, Gunter"]
[Result "0-1"]
[WhiteElo "2217"]
[BlackElo "2422"]
[PlyCount "68"]
[EventDate "2018.07.12"]
[EventType "swiss"]
[EventRounds "7"]
[EventCountry "GER"]
[SourceTitle "CBM 185 Extra"]
[Source "ChessBase"]
[SourceDate "2018.07.29"]
[SourceVersion "1"]
[SourceVersionDate "2018.07.29"]
[SourceQuality "1"]

1. e4 e6 2. d4 d5 3. Nc3 Nf6 4. e5 Nfd7 5. f4 c5 6. Nf3 Nc6 7. Be3 Be7 8. Qd2 0-0 9. dxc5 Qa5 10. 0-0-0 b6 11. Bb5 Nb4 12. a3 bxc5 13. Bxd7 Bxd7 14. axb4 cxb4 15. Nb1 Rfc8 16. Nd4 Qa2 17. Qd3 a5 18. b3 Rc3 19. Nxc3 bxc3 20. Qxc3 Bb4 21. Qxb4 axb4 22. Kd2 Qb2 23. Ke2 f6 24. Rd3 fxe5 25. fxe5 Bc8 26. Kf2 Ba6 27. Rd2 Rf8+ 28. Kg3 Qc3 29. Re1 Rf1 30. Nf3 Rxe1 31. Bd4 Qxd2 32. Nxd2 Re2 33. Nf3 Rxc2 34. Bf2 Rc3 0-1

[Event "Vellmar op 10th"]
[Site "Vellmar"]
[Date "2018.07.14"]
[Round "5"]
[White "Euler, Gerd"]
[Black "Dorst, Johannes"]
[Result "0-1"]
[WhiteElo "2307"]
[BlackElo "2217"]
[PlyCount "144"]
[EventDate "2018.07.12"]
[EventType "swiss"]
[EventRounds "7"]
[EventCountry "GER"]
[SourceTitle "CBM 185 Extra"]
[Source "ChessBase"]
[SourceDate "2018.07.29"]
[SourceVersion "1"]
[SourceVersionDate "2018.07.29"]
[SourceQuality "1"]

1. c4 Nf6 2. d4 c5 3. Nf3 cxd4 4. Nxd4 e5 5. Nb5 d5 6. cxd5 Bc5 7. e3 0-0 8. Be2 e4 9. 0-0 Bf5 10. N1c3 a6 11. Nd4 Bg6 12. b4 Bxb4 13. Qb3 Bxc3 14. Qxc3 Qxd5 15. Bb2 Nbd7 16. Rfc1 Ne5 17. Ba3 Rfe8 18. Qc7 Nd3 19. Rcb1 b5 20. Nc6 Kh8 21. Ne7 Qe6 22. Nxg6+ hxg6 23. Bb2 Rac8 24. Qg3 Rc2 25. Bxd3 exd3 26. Bd4 Rxa2 27. Rxa2 Qxa2 28. Ra1 Qe2 29. Qf3 Qxf3 30. gxf3 Nd5 31. Kf1 Rc8 32. Ke1 Nb4 33. Rb1 Rc4 34. Bb6 Nd5 35. Ba5 Ra4 36. Bd2 Ra3 37. Bc1 Ra2 38. Rb3 Re2+ 39. Kd1 Rxf2 40. Rxd3 Rf1+ 41. Kd2 Nb6 42. e4 Rf2+ 43. Kc3 Rxh2 44. Bf4 Rh3 45. Kd4 Nc4 46. Kc5 g5 47. Bc7 Kh7 48. Kd4 Kg6 49. Rd1 Rxf3 50. Ra1 Ra3 51. Rg1 f6 52. Bd8 Ne5 53. Kc5 Rc3+ 54. Kb6 Rc6+ 55. Kb7 Re6 56. Bb6 Nc4 57. Bc5 Nd6+ 58. Kc6 Nxe4+ 59. Kd7 Nxc5+ 60. Kd8 Re5 61. Kc7 b4 62. Kb6 b3 63. Ka5 b2 64. Kb4 Nd3+ 65. Ka4 Re1 66. Rg2 Ra1+ 67. Kb3 b1Q+ 68. Kc4 Qb4+ 69. Kd5 Nf4+ 70. Kc6 Nxg2 71. Kd7 Rd1+ 72. Ke8 Qe4+ 0-1

[Event "Hessen-ch"]
[Site "Frankfurt"]
[Date "2018.05.13"]
[Round "9"]
[White "Dorst, Johannes"]
[Black "Weber, Samuel"]
[Result "1/2-1/2"]
[WhiteElo "2269"]
[BlackElo "2084"]
[PlyCount "62"]
[EventDate "2018.05.09"]
[EventType "swiss"]
[EventRounds "9"]
[EventCountry "GER"]
[SourceTitle "EXT 2019"]
[Source "ChessBase"]
[SourceDate "2018.10.10"]
[SourceVersion "1"]
[SourceVersionDate "2018.10.10"]
[SourceQuality "1"]

1. e4 e5 2. Nf3 Nc6 3. Bc4 Bc5 4. c3 Nf6 5. d3 0-0 6. 0-0 d5 7. exd5 Nxd5 8. Re1 Bg4 9. h3 Bh5 10. Nbd2 Nb6 11. Ne4 Bd6 12. Bb3 Kh8 13. Qe2 f6 14. Ng3 Bxf3 15. Qxf3 Qd7 16. Ne4 f5 17. Nxd6 cxd6 18. Qh5 Rae8 19. f4 d5 20. fxe5 Nxe5 21. Qd1 f4 22. d4 Nec4 23. Bxc4 Nxc4 24. Rxe8 Qxe8 25. b3 Ne3 26. Qd3 Nc2 27. Qxc2 Qe1+ 28. Kh2 Qg3+ 29. Kg1 Qe1+ 30. Kh2 Qg3+ 31. Kg1 Qe1+ 1/2-1/2